Vista normal Vista MARC

Entrada Topical Term

Número de registros utilizados en: 1

001 - CONTROL NUMBER

  • control field: 43816

003 - CONTROL NUMBER IDENTIFIER

  • control field: OSt

005 - DATE AND TIME OF LATEST TRANSACTION

  • control field: 20241119094716.0

008 - FIXED-LENGTH DATA ELEMENTS

  • fixed length control field: 241119|| aca||aabn | a|a d

040 ## - CATALOGING SOURCE

  • Original cataloging agency: OSt
  • Transcribing agency: OSt

150 ## - HEADING--TOPICAL TERM

  • Topical term or geographic name entry element: Vacas
  • General subdivision: Centos infantiles

670 ## - SOURCE DATA FOUND

  • Source citation: Work cat.: (OSt)38555: Lomé, Emilio Angel. autor 43814, La vaca que se creía mariposa /









Instituto Departamental de Cultura del Meta - Red Departamental de Bibliotecas Públicas del Meta.